Anime by eVIL BOi Quiz Stats

 Plays Quiz not verified by Sporcle

Score 0/38 Timer 20:00
0 Plays Today
% Correct
Pokemon
97%
Haikyuu
92.8%
Soul Eater
92.3%
Fullmetal Alchemist Brotherhood
89.6%
Sword Art Online
88.6%
Jojo's Bizarre Adventure
86.3%
My Hero Academia
82.1%
Danganronpa
81.8%
Your Name
80.3%
Code Geass
75.6%
One Punch Man
73.6%
Hunter x Hunter
71.4%
Madoka Magica
71.4%
Avatar: The Last Airbender
70.4%
Assassination Classroom
66.9%
Ouran Highschool Host Club
66.4%
Monster
61.4%
Neon Genesis Evangelion
59.2%
Devilman Crybaby
53.7%
% Correct
Erased
53%
Your Lie in April
52%
Future Diary
51.5%
The Disastrous Life of Saiki K
50.5%
Re: Zero
49.8%
Parasyte
49%
Psycho Pass
46.5%
Steins; Gate
38.1%
Tokyo Ghoul
36.8%
Megalo Box
36.1%
Mob psycho 100
31.6%
Cowboy Bebop
28.6%
Food Wars
25.9%
Rainbow
22.1%
Welcome to the NHK
18.9%
Kamisama Kiss
18.7%
Made in Abyss
16.2%
Mystic Messenger
9%
Sweet Home
5%

You're not logged in!

Compare scores with friends on all Sporcle quizzes.
OR
Log In

Show Comments

Extras

Top Quizzes Today


Score Distribution

Your Account Isn't Verified!

In order to create a playlist on Sporcle, you need to verify the email address you used during registration. Go to your Sporcle Settings to finish the process.

Report this User

Report this user for behavior that violates our Community Guidelines.

Details: